[Event "Torneo Benidorm Gran Hotel Bali 2022"]
[Site "Benidorm, Spain"]
[Date "2022.12.06"]
[Round "4.6"]
[White "Korneev, Oleg"]
[Black "Barbera Estelles, Rosendo"]
[Result "1-0"]
[WhiteElo "2481"]
[BlackElo "2137"]
[PlyCount "91"]
[EventDate "2022.12.03"]
[EventType "swiss"]
[EventRounds "9"]
[SourceTitle "Ajedrez en Madrid"]
[Source "lmi"]
[SourceDate "2022.12.03"]
[SourceVersion "1"]
[SourceVersionDate "2022.12.10"]
[SourceQuality "1"]
[TimeControl "90+30"]
[WhiteClock "0:10:20"]
[BlackClock "0:00:49"]

1. e4 {[%emt 0:00:00]} e5 {[%emt 0:00:00]} 2. Nf3 {[%emt 0:00:00]} Nc6 {[%emt 0:00:00]} 3. Bc4 {[%emt 0:00:00]} Nf6 {[%emt 0:00:00]} 4. d3 {[%emt 0:00:00]} Bc5 {[%emt 0:00:00]} 5. O-O {[%emt 0:00:00]} O-O {[%emt 0:00:00]} 6. Nbd2 {[%emt 0:00:00]} d6 {[%emt 0:00:00]} 7. c3 {[%emt 0:00:00]} a6 {[%emt 0:00:00]} 8. Bb3 {[%emt 0:00:00]} h6 {[%emt 0:00:00]} 9. Re1 {[%emt 0:00:00]} Re8 {[%emt 0:00:00]} 10. Nf1 {[%emt 0:00:00]} Ba7 {[%emt 0:00:00]} 11. Ng3 {[%emt 0:00:00]} Be6 {[%emt 0:00:00]} 12. d4 {[%emt 0:00:00]} Bxb3 {[%emt 0:00:00]} 13. axb3 {[%emt 0:00:00]} d5 {[%emt 0:00:00]} 14. Nxe5 {[%emt 0:00:00]} Nxe5 {[%emt 0:00:00]} 15. dxe5 {[%emt 0:00:00]} Rxe5 {[%emt 0:00:00]} 16. Bf4 {[%emt 0:00:00]} Re6 {[%emt 0:00:00]} 17. e5 {[%emt 0:00:00]} Nh7 {[%emt 0:00:00]} 18. b4 {[%emt 0:00:00]} c6 {[%emt 0:00:00]} 19. Qh5 {[%emt 0:00:00]} Qd7 {[%emt 0:00:00]} 20. Nf5 {[%emt 0:00:00]} Nf8 {[%emt 0:00:00]} 21. Be3 {[%emt 0:00:00]} Bxe3 {[%emt 0:00:00]} 22. Rxe3 {[%emt 0:00:00]} Rg6 {[%emt 0:00:19]} 23. f4 {[%emt 0:00:00]} Re8 {[%emt 0:04:55]} 24. h3 {[%emt 0:00:00]} Ne6 {[%emt 0:02:28]} 25. Qf3 {[%emt 0:00:00]} Nf8 {[%emt 0:03:00]} 26. Nd4 {[%emt 0:00:00]} Ne6 {[%emt 0:00:46]} 27. Nf5 {[%emt 0:00:18]} Nf8 {[%emt 0:00:28]} 28. Nd6 {[%emt 0:02:23]} Rxd6 {[%emt 0:00:31]} 29. exd6 {[%emt 0:00:01]} Rxe3 {[%emt 0:00:20]} 30. Qxe3 {[%emt 0:00:02]} Qxd6 {[%emt 0:00:14]} 31. Re1 {[%emt 0:00:04]} Ne6 {[%emt 0:00:55]} 32. Qe5 {[%emt 0:04:09]} Qxe5 {[%emt 0:01:10]} 33. Rxe5 {[%emt 0:00:04]} Kf8 {[%emt 0:00:48]} 34. g3 {[%emt 0:00:04]} Nc7 {[%emt 0:00:29]} 35. Kf2 {[%emt 0:00:23]} Nb5 {[%emt 0:00:40]} 36. Re2 {[%emt 0:01:17]} Nd6 {[%emt 0:00:18]} 37. g4 {[%emt 0:00:27]} Ne4+ {[%emt 0:00:23]} 38. Ke3 {[%emt 0:00:37]} Ke7 {[%emt 0:00:34]} 39. Kd4 {[%emt 0:00:21]} Kd6 {[%emt 0:00:21]} 40. c4 {[%emt 0:00:31]} Nf6 {[%emt 0:00:24]} 41. b3 {[%emt 0:00:36]} Ne4 {[%emt 0:01:47]} 42. cxd5 {[%emt 0:01:12]} cxd5 {[%emt 0:00:11]} 43. Rc2 {[%emt 0:00:05]} f5 {[%emt 0:01:25]} 44. Rc8 {[%emt 0:00:52]} fxg4 {[%emt 0:00:28]} 45. hxg4 {[%emt 0:00:03]} Nf2 {[%emt 0:00:17]} 46. Rg8 {[%emt 0:00:41]} 1-0

[Event "Torneo Benidorm Gran Hotel Bali 2022"]
[Site "Benidorm, Spain"]
[Date "2022.12.06"]
[Round "4.7"]
[White "Millaret Lores, Francesc"]
[Black "Pallardo Lozoya, Jose Vicente"]
[Result "0-1"]
[WhiteElo "2133"]
[BlackElo "2367"]
[PlyCount "84"]
[EventDate "2022.12.03"]
[EventType "swiss"]
[EventRounds "9"]
[SourceTitle "Ajedrez en Madrid"]
[Source "lmi"]
[SourceDate "2022.12.03"]
[SourceVersion "1"]
[SourceVersionDate "2022.12.10"]
[SourceQuality "1"]
[TimeControl "90+30"]
[WhiteClock "0:04:28"]
[BlackClock "0:02:28"]

1. e4 {[%emt 0:00:00]} c5 {[%emt 0:00:00]} 2. Nf3 {[%emt 0:00:00]} Nc6 {[%emt 0:00:00]} 3. d4 {[%emt 0:00:00]} cxd4 {[%emt 0:00:00]} 4. Nxd4 {[%emt 0:00:00]} Nf6 {[%emt 0:00:00]} 5. Nc3 {[%emt 0:00:00]} d6 {[%emt 0:00:00]} 6. Bg5 {[%emt 0:00:00]} e6 {[%emt 0:00:00]} 7. Qd2 {[%emt 0:00:00]} a6 {[%emt 0:00:00]} 8. O-O-O {[%emt 0:00:00]} Bd7 {[%emt 0:00:00]} 9. Kb1 {[%emt 0:00:00]} Rc8 {[%emt 0:20:26]} 10. f4 h6 11. Bh4 Nxe4 12. Nxe4 Qxh4 {[%emt 0:00:00]} 13. Nf3 {[%emt 0:00:00]} Qe7 {[%emt 0:00:00]} 14. Nxd6+ {[%emt 0:00:00]} Qxd6 {[%emt 0:00:00]} 15. Qxd6 {[%emt 0:00:00]} Bxd6 {[%emt 0:00:00]} 16. Rxd6 {[%emt 0:00:00]} Ke7 {[%emt 0:00:00]} 17. Rd2 {[%emt 0:00:00]} Rhd8 {[%emt 0:00:00]} 18. Be2 {[%emt 0:00:00]} Be8 {[%emt 0:00:00]} 19. Rhd1 {[%emt 0:00:00]} Rxd2 {[%emt 0:00:00]} 20. Rxd2 {[%emt 0:00:00]} f6 {[%emt 0:00:00]} 21. Ne1 {[%emt 0:00:00]} g5 {[%emt 0:00:00]} 22. fxg5 {[%emt 0:00:00]} hxg5 {[%emt 0:00:00]} 23. Bf3 {[%emt 0:00:00]} Rc7 {[%emt 0:00:00]} 24. Bxc6 {[%emt 0:00:00]} Bxc6 {[%emt 0:00:00]} 25. b3 {[%emt 0:00:00]} f5 {[%emt 0:00:00]} 26. Kb2 {[%emt 0:00:00]} Be4 {[%emt 0:00:00]} 27. a4 {[%emt 0:01:04]} g4 {[%emt 0:00:00]} 28. a5 {[%emt 0:01:37]} Kf6 {[%emt 0:00:00]} 29. c4 {[%emt 0:00:42]} Rc5 {[%emt 0:00:00]} 30. Nd3 {[%emt 0:03:04]} Bxd3 {[%emt 0:00:00]} 31. Rxd3 {[%emt 0:00:07]} Rxa5 {[%emt 0:00:00]} 32. Rd7 {[%emt 0:00:35]} f4 {[%emt 0:00:00]} 33. Rxb7 {[%emt 0:05:10]} f3 {[%emt 0:00:00]} 34. gxf3 {[%emt 0:00:02]} gxf3 {[%emt 0:00:00]} 35. Rd7 {[%emt 0:00:08]} Rf5 {[%emt 0:00:00]} 36. Rd1 {[%emt 0:00:06]} Ke5 {[%emt 0:00:00]} 37. c5 {[%emt 0:01:41]} f2 {[%emt 0:00:00]} 38. Rf1 {[%emt 0:00:04]} Ke4 {[%emt 0:00:00]} 39. c6 {[%emt 0:00:47]} Ke3 {[%emt 0:00:00]} 40. b4 {[%emt 0:00:48]} Rf8 {[%emt 0:02:54]} 41. c7 {[%emt 0:00:30]} Rc8 {[%emt 0:00:00]} 42. Rc1 {[%emt 0:01:37]} Rxc7 {[%emt 0:00:00]} 0-1

[Event "Torneo Benidorm Gran Hotel Bali 2022"]
[Site "Benidorm, Spain"]
[Date "2022.12.06"]
[Round "4.8"]
[White "Hristodorescu, Daniel"]
[Black "Granero Roca, Antonio"]
[Result "1/2-1/2"]
[WhiteElo "2108"]
[BlackElo "2345"]
[PlyCount "83"]
[EventDate "2022.12.03"]
[EventType "swiss"]
[EventRounds "9"]
[SourceTitle "Ajedrez en Madrid"]
[Source "lmi"]
[SourceDate "2022.12.03"]
[SourceVersion "1"]
[SourceVersionDate "2022.12.10"]
[SourceQuality "1"]
[TimeControl "90+30"]
[WhiteClock "0:22:25"]
[BlackClock "0:19:50"]

1. e4 {[%emt 0:00:00]} c5 {[%emt 0:00:00]} 2. Nf3 {[%emt 0:00:00]} Nc6 {[%emt 0:00:00]} 3. Bb5 {[%emt 0:00:00]} d6 {[%emt 0:00:00]} 4. O-O {[%emt 0:00:00]} Bd7 {[%emt 0:00:00]} 5. c3 {[%emt 0:00:00]} a6 {[%emt 0:00:00]} 6. Ba4 {[%emt 0:00:00]} Nf6 {[%emt 0:00:00]} 7. Re1 {[%emt 0:00:00]} b5 {[%emt 0:00:00]} 8. Bc2 {[%emt 0:00:00]} e5 {[%emt 0:00:00]} 9. d4 {[%emt 0:00:00]} Be7 {[%emt 0:00:00]} 10. Nbd2 {[%emt 0:00:00]} O-O {[%emt 0:00:00]} 11. Nf1 {[%emt 0:00:00]} cxd4 {[%emt 0:00:00]} 12. cxd4 {[%emt 0:00:00]} Bg4 {[%emt 0:00:00]} 13. d5 {[%emt 0:00:00]} Nd4 {[%emt 0:00:00]} 14. Be3 {[%emt 0:00:00]} Nxc2 {[%emt 0:00:00]} 15. Qxc2 {[%emt 0:00:00]} Rc8 {[%emt 0:00:00]} 16. Qd3 {[%emt 0:00:00]} Nd7 {[%emt 0:00:00]} 17. N3d2 {[%emt 0:00:00]} f5 {[%emt 0:00:00]} 18. h3 {[%emt 0:00:00]} fxe4 {[%emt 0:00:00]} 19. Nxe4 {[%emt 0:00:00]} Bf5 {[%emt 0:00:00]} 20. Nfg3 {[%emt 0:00:00]} Bg6 {[%emt 0:00:00]} 21. a4 {[%emt 0:00:00]} h5 {[%emt 0:00:00]} 22. axb5 {[%emt 0:00:00]} axb5 {[%emt 0:00:00]} 23. Ra7 {[%emt 0:00:00]} h4 {[%emt 0:00:00]} 24. Nf1 {[%emt 0:00:00]} Nc5 {[%emt 0:00:00]} 25. Bxc5 {[%emt 0:00:00]} Rxc5 {[%emt 0:00:00]} 26. Nfd2 {[%emt 0:00:00]} Bg5 {[%emt 0:00:00]} 27. Qe2 {[%emt 0:00:00]} Bxd2 {[%emt 0:00:00]} 28. Qxd2 {[%emt 0:00:00]} Rc4 {[%emt 0:00:00]} 29. Ng5 {[%emt 0:00:00]} Rd4 {[%emt 0:00:00]} 30. Qxd4 {[%emt 0:00:00]} exd4 {[%emt 0:00:00]} 31. Ree7 {[%emt 0:00:00]} Kh8 {[%emt 0:00:00]} 32. Ne6 {[%emt 0:00:00]} Qxe7 {[%emt 0:00:00]} 33. Rxe7 {[%emt 0:00:00]} d3 {[%emt 0:00:00]} 34. Nxf8 {[%emt 0:00:00]} d2 {[%emt 0:00:00]} 35. Nxg6+ {[%emt 0:00:00]} Kg8 {[%emt 0:00:00]} 36. Re6 {[%emt 0:00:00]} d1=Q+ {[%emt 0:00:00]} 37. Kh2 {[%emt 0:00:00]} Qd4 {[%emt 0:00:00]} 38. f4 {[%emt 0:00:00]} Qxb2 {[%emt 0:00:00]} 39. f5 {[%emt 0:00:00]} Kh7 {[%emt 0:00:00]} 40. Nf8+ {[%emt 0:00:00]} Kg8 {[%emt 0:00:29]} 41. Ng6 {[%emt 0:00:00]} Kh7 {[%emt 0:01:41]} 42. Nf8+ {[%emt 0:00:05]} 1/2-1/2

[Event "Torneo Benidorm Gran Hotel Bali 2022"]
[Site "Benidorm, Spain"]
[Date "2022.12.06"]
[Round "4.9"]
[White "Rubio Tapia, Jose Juan"]
[Black "Shaik, Sumer Arsh"]
[Result "1/2-1/2"]
[WhiteElo "2079"]
[BlackElo "2290"]
[PlyCount "85"]
[EventDate "2022.12.03"]
[EventType "swiss"]
[EventRounds "9"]
[SourceTitle "Ajedrez en Madrid"]
[Source "lmi"]
[SourceDate "2022.12.03"]
[SourceVersion "1"]
[SourceVersionDate "2022.12.10"]
[SourceQuality "1"]
[TimeControl "90+30"]
[WhiteClock "0:02:02"]
[BlackClock "0:01:59"]

1. d4 {[%emt 0:00:00]} Nf6 {[%emt 0:00:00]} 2. c4 {[%emt 0:00:00]} e6 {[%emt 0:00:00]} 3. Nf3 {[%emt 0:00:00]} d5 {[%emt 0:00:00]} 4. Nc3 {[%emt 0:00:00]} Bb4 {[%emt 0:00:00]} 5. e3 {[%emt 0:00:00]} O-O {[%emt 0:00:00]} 6. Bd3 {[%emt 0:00:00]} dxc4 {[%emt 0:00:00]} 7. Bxc4 {[%emt 0:00:00]} c5 {[%emt 0:00:00]} 8. O-O {[%emt 0:00:00]} cxd4 {[%emt 0:00:00]} 9. exd4 {[%emt 0:00:00]} Nc6 {[%emt 0:00:00]} 10. Bg5 {[%emt 0:00:00]} Be7 {[%emt 0:00:00]} 11. Rc1 {[%emt 0:00:00]} b6 {[%emt 0:00:00]} 12. Bb5 {[%emt 0:00:00]} Bb7 {[%emt 0:00:00]} 13. Qa4 {[%emt 0:00:00]} Nb4 {[%emt 0:00:00]} 14. Bxf6 {[%emt 0:00:00]} gxf6 {[%emt 0:00:00]} 15. d5 {[%emt 0:00:00]} a6 {[%emt 0:00:00]} 16. Bc6 {[%emt 0:00:00]} b5 {[%emt 0:00:00]} 17. Qb3 {[%emt 0:00:00]} Nxc6 {[%emt 0:00:00]} 18. dxc6 {[%emt 0:00:00]} Bxc6 {[%emt 0:00:00]} 19. Rfd1 {[%emt 0:00:00]} Qe8 {[%emt 0:01:07]} 20. Nd4 {[%emt 0:00:00]} Bb7 {[%emt 0:02:01]} 21. Rd3 {[%emt 0:00:00]} Kh8 {[%emt 0:00:20]} 22. Rh3 {[%emt 0:03:18]} Rg8 {[%emt 0:00:24]} 23. Nf3 {[%emt 0:01:33]} Rc8 {[%emt 0:00:49]} 24. Re1 {[%emt 0:01:12]} Rc4 {[%emt 0:00:40]} 25. Ne2 {[%emt 0:00:59]} Bd5 {[%emt 0:06:18]} 26. Qe3 {[%emt 0:00:45]} Rcg4 {[%emt 0:00:52]} 27. Ng3 {[%emt 0:01:22]} R8g6 {[%emt 0:00:56]} 28. Nh4 {[%emt 0:01:55]} Rg7 {[%emt 0:00:27]} 29. Nhf5 {[%emt 0:02:30]} exf5 {[%emt 0:00:27]} 30. Qxe7 {[%emt 0:00:26]} Qxe7 {[%emt 0:00:01]} 31. Rxe7 {[%emt 0:00:07]} f4 {[%emt 0:00:26]} 32. f3 {[%emt 0:00:41]} Bxf3 {[%emt 0:01:26]} 33. gxf3 {[%emt 0:00:34]} R4g5 {[%emt 0:00:20]} 34. Kf2 {[%emt 0:01:04]} fxg3+ {[%emt 0:00:02]} 35. Rxg3 {[%emt 0:00:29]} Re5 {[%emt 0:00:35]} 36. Ra7 {[%emt 0:00:20]} Rxg3 {[%emt 0:01:16]} 37. hxg3 {[%emt 0:00:03]} Rc5 {[%emt 0:00:57]} 38. Rxa6 {[%emt 0:00:14]} Rc2+ {[%emt 0:00:01]} 39. Ke3 {[%emt 0:00:25]} Rxb2 {[%emt 0:00:02]} 40. Rxf6 {[%emt 0:00:45]} Kg7 {[%emt 0:00:08]} 41. Rb6 {[%emt 0:00:28]} f6 {[%emt 0:00:26]} 42. g4 {[%emt 0:00:40]} Kg6 {[%emt 0:00:30]} 43. Kf4 {[%emt 0:01:08]} 1/2-1/2

[Event "Torneo Benidorm Gran Hotel Bali 2022"]
[Site "Benidorm, Spain"]
[Date "2022.12.06"]
[Round "4.10"]
[White "Luque Saiz, Andres"]
[Black "Villar Reymundo, Juan Antonio"]
[Result "1-0"]
[WhiteElo "2286"]
[BlackElo "2135"]
[PlyCount "107"]
[EventDate "2022.12.03"]
[EventType "swiss"]
[EventRounds "9"]
[SourceTitle "Ajedrez en Madrid"]
[Source "lmi"]
[SourceDate "2022.12.03"]
[SourceVersion "1"]
[SourceVersionDate "2022.12.10"]
[SourceQuality "1"]
[TimeControl "90+30"]
[WhiteClock "0:01:48"]
[BlackClock "0:00:45"]

1. e4 {[%emt 0:06:35]} Nf6 {[%emt 0:00:00]} 2. e5 {[%emt 0:00:00]} Nd5 {[%emt 0:00:00]} 3. d4 {[%emt 0:00:00]} d6 {[%emt 0:00:00]} 4. c4 {[%emt 0:00:00]} Nb6 {[%emt 0:00:00]} 5. exd6 {[%emt 0:00:00]} exd6 {[%emt 0:00:00]} 6. Nc3 {[%emt 0:00:00]} Be7 {[%emt 0:00:00]} 7. Bd3 {[%emt 0:00:00]} O-O {[%emt 0:00:00]} 8. Nge2 {[%emt 0:00:00]} c6 {[%emt 0:00:00]} 9. O-O {[%emt 0:00:00]} Na6 {[%emt 0:00:00]} 10. d5 {[%emt 0:00:00]} cxd5 {[%emt 0:00:00]} 11. cxd5 {[%emt 0:00:00]} Nc5 {[%emt 0:00:00]} 12. Bc2 {[%emt 0:00:00]} Bg4 {[%emt 0:00:00]} 13. Rb1 {[%emt 0:00:00]} Rc8 {[%emt 0:00:00]} 14. Bf4 {[%emt 0:00:00]} Bg5 {[%emt 0:00:00]} 15. f3 {[%emt 0:00:00]} Bh5 {[%emt 0:00:00]} 16. Bf5 {[%emt 0:00:00]} Bg6 {[%emt 0:00:00]} 17. Bxg6 {[%emt 0:00:00]} hxg6 {[%emt 0:00:00]} 18. b4 {[%emt 0:00:00]} Bxf4 {[%emt 0:00:00]} 19. Nxf4 {[%emt 0:00:00]} Ncd7 {[%emt 0:00:00]} 20. Ne4 {[%emt 0:00:00]} Nf6 {[%emt 0:00:00]} 21. Qd3 {[%emt 0:00:00]} Re8 {[%emt 0:00:00]} 22. Rbc1 {[%emt 0:00:00]} Rxc1 {[%emt 0:00:00]} 23. Rxc1 {[%emt 0:00:00]} Re5 {[%emt 0:00:00]} 24. Nc3 {[%emt 0:00:00]} g5 {[%emt 0:00:00]} 25. Nh3 {[%emt 0:00:00]} Nbxd5 {[%emt 0:00:00]} 26. a3 {[%emt 0:02:16]} g4 {[%emt 0:00:00]} 27. fxg4 {[%emt 0:01:26]} Nxc3 {[%emt 0:00:00]} 28. Qxc3 {[%emt 0:00:23]} Nxg4 {[%emt 0:03:25]} 29. Qf3 {[%emt 0:01:50]} Qe7 {[%emt 0:02:06]} 30. Qc3 {[%emt 0:02:47]} Re3 {[%emt 0:06:11]} 31. Qc8+ {[%emt 0:00:55]} Kh7 {[%emt 0:02:18]} 32. Rf1 {[%emt 0:00:24]} Re1 {[%emt 0:02:14]} 33. Qxg4 {[%emt 0:00:45]} Qe3+ {[%emt 0:00:57]} 34. Nf2 {[%emt 0:00:04]} Qc1 {[%emt 0:00:31]} 35. Qe4+ {[%emt 0:00:42]} Rxe4 {[%emt 0:00:23]} 36. Rxc1 {[%emt 0:00:03]} Re3 {[%emt 0:00:11]} 37. Ra1 {[%emt 0:00:24]} Kg6 {[%emt 0:00:32]} 38. Nd1 {[%emt 0:01:08]} Re2 {[%emt 0:00:13]} 39. Nc3 {[%emt 0:00:24]} Rd2 {[%emt 0:01:23]} 40. Rd1 {[%emt 0:00:39]} Rxd1+ {[%emt 0:00:12]} 41. Nxd1 {[%emt 0:00:03]} Kf5 {[%emt 0:00:04]} 42. Kf2 {[%emt 0:00:30]} Ke4 {[%emt 0:00:35]} 43. Ke2 {[%emt 0:00:03]} Kd4 {[%emt 0:00:09]} 44. Kd2 {[%emt 0:00:09]} f5 {[%emt 0:00:46]} 45. h4 {[%emt 0:01:38]} g6 {[%emt 0:00:05]} 46. Ne3 {[%emt 0:00:24]} d5 {[%emt 0:00:41]} 47. h5 {[%emt 0:00:50]} gxh5 {[%emt 0:00:32]} 48. Nxf5+ {[%emt 0:00:04]} Kc4 {[%emt 0:00:43]} 49. Kc2 {[%emt 0:00:50]} d4 {[%emt 0:00:30]} 50. Ng7 {[%emt 0:00:36]} d3+ {[%emt 0:00:43]} 51. Kd2 {[%emt 0:00:11]} h4 {[%emt 0:00:50]} 52. Nf5 {[%emt 0:00:13]} Kb3 {[%emt 0:00:39]} 53. Nxh4 {[%emt 0:00:22]} Kxa3 {[%emt 0:00:22]} 54. g4 {[%emt 0:00:04]} 1-0

[Event "Torneo Benidorm Gran Hotel Bali 2022"]
[Site "Benidorm, Spain"]
[Date "2022.12.06"]
[Round "4.11"]
[White "Aditya, Varun Gampa"]
[Black "Mari Copa, Adria"]
[Result "1-0"]
[WhiteElo "2249"]
[BlackElo "2113"]
[PlyCount "65"]
[EventDate "2022.12.03"]
[EventType "swiss"]
[EventRounds "9"]
[SourceTitle "Ajedrez en Madrid"]
[Source "lmi"]
[SourceDate "2022.12.03"]
[SourceVersion "1"]
[SourceVersionDate "2022.12.10"]
[SourceQuality "1"]
[TimeControl "90+30"]
[WhiteClock "0:33:32"]
[BlackClock "0:06:57"]

1. e4 {[%emt 0:00:00]} c6 {[%emt 0:00:00]} 2. d4 {[%emt 0:00:00]} d5 {[%emt 0:00:00]} 3. e5 {[%emt 0:00:00]} Bf5 {[%emt 0:00:00]} 4. h4 {[%emt 0:00:00]} h5 {[%emt 0:00:00]} 5. c4 {[%emt 0:00:00]} e6 {[%emt 0:00:00]} 6. Nc3 {[%emt 0:00:00]} Nd7 {[%emt 0:00:00]} 7. Nge2 {[%emt 0:00:00]} Be7 {[%emt 0:00:00]} 8. Ng3 {[%emt 0:00:00]} Bg4 {[%emt 0:00:00]} 9. Be2 {[%emt 0:00:00]} Bxe2 {[%emt 0:00:00]} 10. Qxe2 {[%emt 0:00:00]} dxc4 {[%emt 0:00:00]} 11. Bg5 {[%emt 0:00:00]} Nb6 {[%emt 0:00:00]} 12. Bxe7 {[%emt 0:00:00]} Nxe7 {[%emt 0:00:00]} 13. Nce4 {[%emt 0:00:00]} Kf8 {[%emt 0:00:00]} 14. O-O-O {[%emt 0:00:00]} g6 {[%emt 0:00:00]} 15. Nd6 {[%emt 0:00:00]} Nf5 {[%emt 0:00:00]} 16. Nge4 {[%emt 0:00:00]} Nxd6 {[%emt 0:00:00]} 17. Nxd6 {[%emt 0:00:00]} Qe7 {[%emt 0:00:00]} 18. Rh3 {[%emt 0:00:00]} f5 {[%emt 0:00:00]} 19. f3 {[%emt 0:00:00]} Nd5 {[%emt 0:00:00]} 20. Qd2 {[%emt 0:00:00]} b5 {[%emt 0:00:00]} 21. Rg1 {[%emt 0:00:00]} Nb6 {[%emt 0:00:00]} 22. g4 {[%emt 0:00:00]} Nc8 {[%emt 0:00:00]} 23. gxf5 {[%emt 0:00:00]} Nxd6 {[%emt 0:00:00]} 24. exd6 {[%emt 0:00:00]} Qf6 {[%emt 0:00:00]} 25. Rxg6 {[%emt 0:00:00]} Qxf5 {[%emt 0:00:00]} 26. Rhg3 {[%emt 0:00:00]} Rd8 {[%emt 0:00:00]} 27. R3g5 {[%emt 0:00:00]} Qxf3 {[%emt 0:00:00]} 28. Rxe6 {[%emt 0:00:00]} Rh7 {[%emt 0:00:46]} 29. Rg1 {[%emt 0:00:00]} Qf7 {[%emt 0:07:18]} 30. Qg5 {[%emt 0:00:00]} Qxe6 {[%emt 0:02:13]} 31. Qxd8+ {[%emt 0:00:00]} Kf7 {[%emt 0:00:07]} 32. Qg8+ {[%emt 0:00:00]} Kf6 {[%emt 0:00:09]} 33. Qg6# {[%emt 0:00:25]} 1-0

[Event "Torneo Benidorm Gran Hotel Bali 2022"]
[Site "Benidorm, Spain"]
[Date "2022.12.06"]
[Round "4.13"]
[White "Bendayan Claros, Aaron"]
[Black "Galvan Cipriani, Viviana"]
[Result "1/2-1/2"]
[WhiteElo "2232"]
[BlackElo "2088"]
[PlyCount "93"]
[EventDate "2022.12.03"]
[EventType "swiss"]
[EventRounds "9"]
[SourceTitle "Ajedrez en Madrid"]
[Source "lmi"]
[SourceDate "2022.12.03"]
[SourceVersion "1"]
[SourceVersionDate "2022.12.10"]
[SourceQuality "1"]
[TimeControl "90+30"]
[WhiteClock "0:00:47"]
[BlackClock "0:25:28"]

1. d4 {[%emt 0:00:00]} Nf6 {[%emt 0:00:00]} 2. Nf3 {[%emt 0:00:00]} d5 {[%emt 0:00:00]} 3. e3 {[%emt 0:00:00]} c5 {[%emt 0:00:00]} 4. Nbd2 {[%emt 0:00:00]} e6 {[%emt 0:00:00]} 5. b3 {[%emt 0:00:00]} Nc6 {[%emt 0:00:00]} 6. Bd3 {[%emt 0:00:00]} Bd7 {[%emt 0:00:00]} 7. a3 {[%emt 0:00:00]} cxd4 {[%emt 0:00:00]} 8. exd4 {[%emt 0:00:00]} g6 {[%emt 0:00:00]} 9. O-O {[%emt 0:00:00]} Bg7 {[%emt 0:00:00]} 10. Bb2 {[%emt 0:00:00]} O-O {[%emt 0:00:00]} 11. Ne5 {[%emt 0:00:00]} Rc8 {[%emt 0:00:00]} 12. Qe2 {[%emt 0:00:00]} Qb6 {[%emt 0:00:00]} 13. Ndf3 {[%emt 0:00:00]} Rfd8 {[%emt 0:00:00]} 14. b4 {[%emt 0:00:00]} Ne8 {[%emt 0:00:00]} 15. c4 {[%emt 0:00:00]} dxc4 {[%emt 0:00:00]} 16. Nxc4 {[%emt 0:00:00]} Qc7 {[%emt 0:00:00]} 17. Rac1 {[%emt 0:00:00]} Nd6 {[%emt 0:00:00]} 18. Ne3 {[%emt 0:00:00]} Qb6 {[%emt 0:00:00]} 19. d5 {[%emt 0:00:00]} Nd4 {[%emt 0:00:00]} 20. Nxd4 {[%emt 0:00:00]} Bxd4 {[%emt 0:00:00]} 21. Ng4 {[%emt 0:00:00]} Nf5 {[%emt 0:00:00]} 22. Nf6+ {[%emt 0:00:00]} Bxf6 {[%emt 0:00:00]} 23. Bxf6 {[%emt 0:00:00]} Rxc1 {[%emt 0:00:00]} 24. Rxc1 {[%emt 0:00:00]} Re8 {[%emt 0:00:00]} 25. Bxf5 {[%emt 0:00:00]} exf5 {[%emt 0:00:00]} 26. Qb2 {[%emt 0:00:00]} Qd6 {[%emt 0:00:00]} 27. h4 {[%emt 0:12:25]} Qxd5 {[%emt 0:00:00]} 28. Bh8 {[%emt 0:00:15]} f6 {[%emt 0:00:00]} 29. Qxf6 {[%emt 0:00:53]} Qf7 {[%emt 0:00:00]} 30. Qxf7+ {[%emt 0:02:09]} Kxf7 {[%emt 0:00:00]} 31. Rc7 {[%emt 0:00:16]} Ke6 {[%emt 0:00:00]} 32. Bd4 {[%emt 0:00:11]} b5 {[%emt 0:00:00]} 33. Rxa7 {[%emt 0:00:31]} Kd6 {[%emt 0:00:00]} 34. Bc5+ {[%emt 0:01:10]} Kc6 {[%emt 0:00:00]} 35. Ra6+ {[%emt 0:00:18]} Kc7 {[%emt 0:00:00]} 36. Rf6 {[%emt 0:00:11]} Re4 {[%emt 0:00:00]} 37. Be3 {[%emt 0:01:05]} Rxh4 {[%emt 0:00:00]} 38. f4 {[%emt 0:00:30]} Bc6 {[%emt 0:00:00]} 39. Bf2 {[%emt 0:00:17]} Rg4 {[%emt 0:00:00]} 40. g3 {[%emt 0:00:13]} h5 {[%emt 0:00:00]} 41. Kh2 {[%emt 0:01:00]} h4 {[%emt 0:00:00]} 42. Kh3 {[%emt 0:00:19]} hxg3 {[%emt 0:00:00]} 43. Bxg3 {[%emt 0:00:02]} Kd7 {[%emt 0:00:00]} 44. Kh2 {[%emt 0:01:06]} Bd5 {[%emt 0:00:00]} 45. Kh3 {[%emt 0:00:34]} Be6 {[%emt 0:00:00]} 46. Rf8 {[%emt 0:00:16]} Kd6 {[%emt 0:00:00]} 47. Rd8+ {[%emt 0:00:32]} 1/2-1/2

[Event "Torneo Benidorm Gran Hotel Bali 2022"]
[Site "Benidorm, Spain"]
[Date "2022.12.06"]
[Round "5.1"]
[White "Aguilera Lopez, Alejandro"]
[Black "Davtyan, David Arm."]
[Result "1-0"]
[WhiteElo "2184"]
[BlackElo "2329"]
[PlyCount "61"]
[EventDate "2022.12.03"]
[EventType "swiss"]
[EventRounds "9"]
[SourceTitle "Ajedrez en Madrid"]
[Source "lmi"]
[SourceDate "2022.12.03"]
[SourceVersion "1"]
[SourceVersionDate "2022.12.10"]
[SourceQuality "1"]
[TimeControl "90+30"]
[WhiteClock "0:32:26"]
[BlackClock "0:14:30"]

1. Nf3 {[%emt 0:00:00]} Nf6 {[%emt 0:00:00]} 2. c4 {[%emt 0:00:00]} e6 {[%emt 0:00:00]} 3. Nc3 {[%emt 0:00:00]} d5 {[%emt 0:00:00]} 4. e3 {[%emt 0:00:00]} c5 {[%emt 0:00:00]} 5. cxd5 {[%emt 0:00:00]} exd5 {[%emt 0:00:00]} 6. d4 {[%emt 0:00:00]} a6 {[%emt 0:00:00]} 7. a3 {[%emt 0:00:00]} c4 {[%emt 0:00:00]} 8. g3 {[%emt 0:00:00]} b5 {[%emt 0:00:00]} 9. Bg2 {[%emt 0:00:00]} Bb7 {[%emt 0:00:00]} 10. O-O {[%emt 0:00:00]} Be7 {[%emt 0:00:00]} 11. Ne5 {[%emt 0:00:00]} O-O {[%emt 0:00:00]} 12. b3 {[%emt 0:00:00]} Qc8 {[%emt 0:00:00]} 13. Bb2 {[%emt 0:00:00]} Rd8 {[%emt 0:00:00]} 14. Rc1 {[%emt 0:00:00]} Nc6 {[%emt 0:00:00]} 15. Qe2 {[%emt 0:00:00]} Na5 {[%emt 0:00:00]} 16. bxc4 {[%emt 0:00:00]} dxc4 {[%emt 0:00:00]} 17. Rcd1 {[%emt 0:00:00]} Bxg2 {[%emt 0:00:00]} 18. Kxg2 {[%emt 0:00:00]} Qb7+ {[%emt 0:00:00]} 19. e4 {[%emt 0:00:00]} Bd6 {[%emt 0:00:00]} 20. f4 {[%emt 0:00:00]} Qe7 {[%emt 0:00:00]} 21. Rf3 {[%emt 0:00:00]} Rac8 {[%emt 0:00:00]} 22. g4 {[%emt 0:00:00]} Nb3 {[%emt 0:00:00]} 23. g5 {[%emt 0:00:00]} Bxe5 {[%emt 0:00:00]} 24. dxe5 {[%emt 0:00:00]} Nh5 {[%emt 0:00:00]} 25. Nd5 {[%emt 0:00:00]} Qa7 {[%emt 0:00:00]} 26. f5 {[%emt 0:00:00]} g6 {[%emt 0:00:00]} 27. e6 {[%emt 0:00:00]} fxe6 {[%emt 0:00:00]} 28. fxe6 {[%emt 0:00:00]} Rxd5 {[%emt 0:00:00]} 29. exd5 {[%emt 0:00:00]} c3 {[%emt 0:00:00]} 30. Bxc3 {[%emt 0:00:00]} Rxc3 {[%emt 0:02:00]} 31. e7 {[%emt 0:00:00]} 1-0